000 03611nam a22002657a 4500
001 5150453
003 UA-OsUOA
005 20201109123150.0
008 200403b un ||||| m||| 00| 0 ukr d
040 _aUA-OsUOA
_bukr
_cUA-OsUOA
_dUA-OsUOA
041 _aukr
080 _a343.12
090 _a343.12
095 _a12.00.09
_bкримінальний процес та криміналістика; судова експертиза; оперативно-розшукова діяльність
100 _aМоторигіна М. Г.
245 _aСторона захисту в судовому провадженні у першій інстанції
_cМоторигіна Марина Геннадіївна ; наук. керівник Капліна Оксана Володимирівна
260 _aХарків
_c2016
300 _a20 с.
502 _6Автореферат дисертації на здобуття наукового ступеня кандидата юридичних наук
_cНаціональний юридичний університет імені Ярослава Мудрого
_d2016
520 _aРобота присвячена вирішенню теоретичних і практичних питань, пов’язаних із участю сторони захисту в судовому провадженні в першій інстанції. Досліджено становлення та розвиток наукових думок і законодавчого закріплення поняття "сторона кримінального провадження". Спираючись на нові підходи законодавця щодо побудови кримінального процесу змагального типу, здійснено класифікацію учасників кримінального провадження. Розроблено авторське визначення поняття "сторона захисту в кримінальному провадженні", виокремлено її ознаки, надано функціональну характеристику. На підставі проведеного аналізу міжнародно-правових актів та практики ЄСПЛ виокремлено міжнародно-правові стандарти, які покликані сприяти реалізації права на захист у кримінальному провадженні та забезпеченню його ефективності. Проаналізовано механізми виконання стороною захисту функції захисту в судовому провадженні в першій інстанції. Враховуючи результати проведеного дослідження, узагальнення правозастосовної практики, практики ЄСГОІ, сформульовані науково обґрунтовані пропозиції щодо вдосконалення правового регулювання участі сторони захисту в судовому провадженні в першій інстанції.
650 _2UDC
_a343 Кримінальне право. Карні порушення
942 _2udc
_cAR
955 _a1
999 _c458716
_d458716